000 00885cam a22002532 4500
001 0000005687
005 20151217152004.0
008 070621s xx 000 0 eng d
020 _a8177589032 :
_cKES 850
040 _aKABU
_cKABU
050 0 _aTJ223
_b.P76M39 2006
100 1 _aMazidi, Muhammad Ali.
_@0000156890
245 1 4 _aThe 8051 microcontroller and embedded systems using assembly and C /
_cMuhammad Ali Mazidi, Janice Gillispie Mazidi, Rolin D. Mckinlay.
250 _a2nd ed.
260 _aNew Delhi :
_bPearson Education,
_c2006.
300 _axiii, 626 p.
650 0 _aProgrammable controllers.
_@0000156285
650 0 _aEmbedded computer systems.
_@0000156891
700 1 _aMazizi, Janice Gillispie.
_@0000156892
700 1 _aMckinlay, Rolin D.
_@0000156893
908 _a070621
950 _@1
999 _c7050
_d7050